| 000 | 00936nam a22003137a 4500 | ||
|---|---|---|---|
| 003 | CHAP | ||
| 005 | 20220817041626.0 | ||
| 008 | 971013s1983 r 00010 d | ||
| 010 | _a20081 | ||
| 011 | _a21053 | ||
| 035 | _a25142 | ||
| 040 | _cCHAP | ||
| 090 | _aFolleto 9148 | ||
| 100 | 0 | 0 |
_aApodaca Sarabia, Carlos A. _96309 |
| 245 | _aCriterios de evaluación de sistemas de cruzamientos | ||
| 260 |
_aChapingo, Méx., : _bUACH. Departamento de Zootecnia, _c1983 |
||
| 300 | _a2 p | ||
| 500 | _aCol. UACH-CP | ||
| 590 |
_aBATCH-UPD _b10 _c20130110 _lUCH01 _h1158 |
||
| 590 |
_aBATCH-UPD _b10 _c20130410 _lUCH01 _h0741 |
||
| 590 |
_aBATCH-UPD _b10 _c20130914 _lUCH01 _h1456 |
||
| 590 |
_aCONVERSION _b10 _c20130109 _lUCH01 _h1312 |
||
| 650 | 1 | 4 |
_aGanadería. _944604 |
| 650 | 1 | 4 |
_aGanado _xCruzas. _944903 |
| 650 | 1 | 4 | _aGenética animal. |
| 901 | _aBK | ||
| 942 | _cFOLL | ||
| 949 |
_aFolleto 9148 _bBC _cUACH _d-57994 _eUACH _i25142 _si |
||
| 999 |
_c20081 _d20081 |
||